APEC Schools

Mga Bugtong at salawikain : (Record no. 6914)

000 -LEADER
fixed length control field nam a22 7a 4500
005 - DATE AND TIME OF LATEST TRANSACTION
control field 20190121011910.0
008 - FIXED-LENGTH DATA ELEMENTS--GENERAL INFORMATION
fixed length control field 190121b xxu||||| |||| 00| 0 eng d
020 ## - IDENTIFIER FOR THE MANIFESTATION
Identifier for the Manifestation 9789712734717
Binding paperback
040 ## - CATALOGING SOURCE
Language of Cataloging eng
Transcribing Agency APEC Schools Library
Description Conventions rda
082 ## - DEWEY DECIMAL CLASSIFICATION NUMBER
Classification number F 398.6
Author's Number T435b 2018
100 ## - CREATOR
Preferred Name of the Person Tica, Nimrod Ebenezer C.
245 ## - TITLE AND STATEMENT OF RESPONSIBILITY
Preferred Title Proper Mga Bugtong at salawikain :
Remainder of Title para sa bagong henerasyon /
Statement of Responsibility/Parallel Statement of Responsibility Nimrod Ebenezer C. Tica
-- Vivian Balaris-Tica
264 ## - PUBLICATION STATEMENT
Place of publication, distribution, etc Mandaluyong City:
Publisher's Name/Parallel Publisher's Name Anvil Publishing, Inc.,
Copyright ©2018.
Date of Publication 2018.
300 ## - PHYSICAL DESCRIPTION
Extent ix, 101 pages :
Illustrative Content illustrations ;
Dimensions 15 cm.
336 ## - RDA CONTENT
Source rdacontent
Content Type text
337 ## - RDA MEDIA
Source rdamedia
Media Type unmediated
338 ## - RDA CARRIER
Source rdacarrier
Carrier Type volume
504 ## - BIBLIOGRAPHY, ETC. NOTE
Bibliography, etc Includes bibliographical references and index.
600 ## - ADDED SUBJECT ACCESS POINT - PERSONAL NAME
Preferred Name of the Person Tica, Vivian Balaris-
650 ## - ADDED SUBJECT ACCESS POINT - TOPICAL TERM
Topical Term Riddles
Preferred Name for the Place Philippines
942 ## - ADDED ENTRY ELEMENTS (KOHA)
Source of Classification
Koha Item Type Books
Holdings
Library Site Location Shelving Location Source of Acquisition Full Classification Number Accession Number Koha Item Type
APEC Calumpang Library APEC Calumpang Library Filipiniana Institutional Fund F 398.6 T435b 2018 B10-0000242 Non Fiction
APEC Dasmarinas Library APEC Dasmarinas Library Filipiniana Institutional Fund F 398.6 T435b 2018 B03-0000235 Non Fiction
APEC Grace Park West Library APEC Grace Park West Library Filipiniana Institutional Fund F 398.6 T435b 2018 A09-0000223 Non Fiction
APEC JRU Lipa Library APEC JRU Lipa Library Filipiniana Institutional Fund F 398.6 T435b 2018 B12-0000238 Non Fiction
APEC Marikina Heights Library APEC Marikina Heights Library Filipiniana Institutional Fund F 398.6 T435b 2018 A08-0000159 Non Fiction
APEC Roxas Boulevard Library APEC Roxas Boulevard Library Filipiniana Institutional Fund F 398.6 T435b 2018 B06-0000202 Non Fiction
APEC Silangan, Pateros Library APEC Silangan, Pateros Library Filipiniana Institutional Fund F 398.6 T435b 2018 B07-0000217 Non Fiction
APEC Sta. Rita Library APEC Sta. Rita Library Filipiniana Institutional Fund F 398.6 T435b 2018 B02-0000123 Non Fiction
APEC Tondo Library APEC Tondo Library Filipiniana Institutional Fund F 398.6 T435b 2018 A10-0000119 Non Fiction

Powered by Koha